000 00841nam a22002297a 4500
005 20240530110521.0
008 160217s2013 ua a g b 000 0 ara d
017 _a2012/21444
_bمصر . دار الكتب المصرية
020 _a9789774277962
040 _aEG-CaGPL
082 0 4 _221
_a214.32344\
_bى ح
100 0 _aيحيى رضا جاد .
245 1 2 _aالحرية الفكرية و الدينية :
_bرؤية اسلامية جديدة /
_cيحيى رضا جاد .
250 _aط1.
260 _aالقاهرة :
_bالدار المصرية اللبنانية ،
_c2013 .
300 _a263 ص ؛
_c22 سم .
650 0 4 _aالاسلام و الحرية .
650 0 4 _aحرية التعبير .
650 0 4 _aالفلسفة الاسلامية .
942 _2ddc
_cBK
999 _c61898
_d61898